000 00623nam a2200181Ia 4500
003 IN-BaIIA
008 211028s9999 xx 000 0 eng d
040 _cIIA Library
080 _a081:53
_bCHA
100 _aChadwick, James
_91530
245 4 _aThe collected papers of Lord Rutherford of Nelson
_bvol. 1
_cJames Chadwick
260 _aLondon
_bGeorge Allen & Unwin
_c1962
300 _a931p.
650 _aAstronomy and Astrophysics Thesaurus
650 _aCollected Works-Lord Rutherford Nelson
_94017
650 _aLord Rutherford Nelson Collected Works
_94018
942 _cBK
999 _c2227
_d2227